00801nam a2200193Ia 4500003000900000008004100009040001600050080001800066110005200084245018700136260006500323300001500388650003200403650001900435650003700454942000700491999001500498952009400513IN-BaIIA211028s9999 xx 000 0 eng d cIIA Library a083.7:62bASM aAmerican Society of Mechanical Engineers912073 0a1980 ASME boiler ad pressure vessel code Section III, division 1 nuclear power components subsectin ND class 3 componentc The American Society of Mechanical Engineers  aNew YorkbThe American Society of Mechanical Engineersc1980 axii, 295p. aMechanical Engineering9667 aNASA Thesaurus aRules-Nuclear Power Plant912074 cBK c7059d7059 00104070aBANbKAVcGENd1982-04-27l0o083.7:62/ ASMp7839r2021-11-05w1982-04-27yBK